| 000 | 00449cam a2200193ua 4500 | ||
|---|---|---|---|
| 001 | 20506 | ||
| 008 | 160229n II |||gr||||Z||||||hin | ||
| 040 | _aMAIN | ||
| 041 | _aEnglish | ||
| 082 | _a891.43 GUP | ||
| 100 | _aGUPTA , INDOO. | ||
| 245 | _aBIKHRE RANG (HINDI) | ||
| 250 | _a1ST. | ||
| 260 |
_aDELHI: _bBHABNA PRAKASHAN, _c2009. |
||
| 300 |
_a86.: _c20CM. |
||
| 653 | _aHindi Books | ||
| 700 |
_aGUPTA , INDOO., _eAuthor. |
||
| 942 | _cBK | ||
| 999 |
_c20368 _d20368 |
||